000 01316nam a2200337Ia 4500
001 ebr10632124
003 CaPaEBR
006 m u
007 cr cn|||||||||
008 120917s2013 nju sb 001 0 eng d
010 _z 2012035832
020 _z9781118288191 (cloth : alk. paper)
020 _z9781118529706 (ebook)
040 _aCaPaEBR
_cCaPaEBR
035 _a(OCoLC)810329359
050 1 4 _aHV551.2
_b.K387 2013eb
100 1 _aKaszeta, Dan.
245 1 0 _aCBRN and Hazmat incidents at major public events
_h[electronic resource] :
_bplanning and response /
_cDan Kaszeta.
260 _aHoboken, N.J. :
_bJohn Wiley & Sons,
_cc2013.
300 _axvii, 427 p.
504 _aIncludes bibliographical references and index.
533 _aElectronic reproduction.
_bPalo Alto, Calif. :
_cebrary,
_d2013.
_nAvailable via World Wide Web.
_nAccess may be limited to ebrary affiliated libraries.
650 0 _aEmergency management.
650 0 _aHazardous substances.
650 0 _aPublic safety.
650 0 _aSpecial events
_xSafety measures.
650 0 _aWeapons of mass destruction.
655 7 _aElectronic books.
_2local
710 2 _aebrary, Inc.
856 4 0 _uhttp://site.ebrary.com/lib/rucke/Doc?id=10632124
_zAn electronic book accessible through the World Wide Web; click to view
999 _c52295
_d52295